00946 2200421 4500001002100000005001500021035002000036008004100056245006100097100001800158250000600176260003200182300001200214020002200226084001400248082000800262650001400270990001200284990001200296990001200308990001200320990001200332990001200344990001200356990001200368990001200380990001200392990001200404990001200416990001200428990001200440990001200452990001200464990001200476990001200488990001200500990001200512INLIS00000000000012620240502110340 a0010-0424000102240502 0 ind 1 aSeni Budaya XII Smstr 2 ( Edisi Revisi ) /cAgus Budiman aBudiman, Agus a1 aJakarta :bKEMDIKBUD,c2018 a198 hlm a978-602-282-762-7 a700 AGU s a700 4aNon Fiksi a0737289 a0737290 a0737291 a0737292 a0737293 a0737294 a0737295 a0737296 a0737297 a0737298 a0737299 a0737300 a0737301 a0737302 a0737303 a0737304 a0737305 a0737306 a0737307 a0737308